Paesi per immagini #5 - Statistics

Statistiche generali
  • Questo quiz è stato fatto 1.662 volte
  • Il punteggio medio è 9 su 15
Statistiche sulle risposte
con Immagini Risposta % Corretto
Grecia
98%
Stati Uniti
97%
Giappone
96%
India
96%
Egitto
87%
Francia
74%
Emirati arabi uniti
71%
Norvegia
68%
Repubblica Ceca
52%
Indonesia
47%
Thailandia
47%
Brasile
31%
Kazakistan
23%
Armenia / Turchia
21%
Yemen
21%
Nessun quiz corrispondente trovato
Distribuzione punteggi
Percentuale di utenti per punteggio
Percentile per numero di risposta
I tuoi punteggi nel tempo
Non hai fatto questo quiz